00503nam a2200121Ia 4500008004100000020001800041100002100059245008300080260002700163650012700190650001200317856005200329171212s9999 xx 000 0 und d a9780833081780 aMueller, Karl P. cMueller, Karl P.aDenying FlightbStrategic Options for Employing No-Fly Zones bRAND Corporationc2013 aAir warfare -- Case studies; Air power -- Case studies; Air traffic rules, International; United States -- Military policy aHistory uhttp://www.jstor.org/stable/10.7249/j.ctt5vjvwh